<?xml version="1.0" encoding="UTF-8"?>
<record
    xmlns:xsi="http://www.w3.org/2001/XMLSchema-instance"
    xsi:schemaLocation="http://www.loc.gov/MARC21/slim http://www.loc.gov/standards/marcxml/schema/MARC21slim.xsd"
    xmlns="http://www.loc.gov/MARC21/slim">

  <leader>01091cam a2200277 a 4500</leader>
  <datafield tag="999" ind1=" " ind2=" ">
    <subfield code="c">65380</subfield>
    <subfield code="d">65354</subfield>
  </datafield>
  <controlfield tag="001">1085786</controlfield>
  <controlfield tag="003">OSt</controlfield>
  <controlfield tag="005">20180718145658.0</controlfield>
  <controlfield tag="008">920114s1989    sj       b    100 0 eng  </controlfield>
  <datafield tag="010" ind1=" " ind2=" ">
    <subfield code="a">   91969785 </subfield>
  </datafield>
  <datafield tag="020" ind1=" " ind2=" ">
    <subfield code="c">&#xFFFD;E100.00</subfield>
  </datafield>
  <datafield tag="040" ind1=" " ind2=" ">
    <subfield code="a">DLC</subfield>
    <subfield code="c">DLC</subfield>
    <subfield code="d">DLC</subfield>
  </datafield>
  <datafield tag="043" ind1=" " ind2=" ">
    <subfield code="a">f-sj---</subfield>
  </datafield>
  <datafield tag="050" ind1="0" ind2="0">
    <subfield code="a">DT156.7</subfield>
    <subfield code="b">.P37 1985</subfield>
  </datafield>
  <datafield tag="245" ind1="0" ind2="0">
    <subfield code="a">Part of the proceedings of the Conference on the Nationalist Movement in the Sudan, held on 8-15 January 1986 /</subfield>
    <subfield code="c">edited by Mahasin Abdel Gadir Hag Al-Safi.</subfield>
  </datafield>
  <datafield tag="260" ind1=" " ind2=" ">
    <subfield code="a">Khartoum, Sudan :</subfield>
    <subfield code="b">Institue of African and Asian Studies, University of Khartoum,</subfield>
    <subfield code="c">c1989.</subfield>
  </datafield>
  <datafield tag="300" ind1=" " ind2=" ">
    <subfield code="a">xiv, 438 p. ;</subfield>
    <subfield code="c">24 cm.</subfield>
  </datafield>
  <datafield tag="490" ind1="1" ind2=" ">
    <subfield code="a">Sudan library series ;</subfield>
    <subfield code="v">15</subfield>
  </datafield>
  <datafield tag="504" ind1=" " ind2=" ">
    <subfield code="a">Includes bibliographical references.</subfield>
  </datafield>
  <datafield tag="650" ind1=" " ind2="0">
    <subfield code="a">Nationalism</subfield>
    <subfield code="z">Sudan</subfield>
    <subfield code="x">History</subfield>
    <subfield code="y">20th century</subfield>
    <subfield code="x">Congresses.</subfield>
    <subfield code="9">46366</subfield>
  </datafield>
  <datafield tag="651" ind1=" " ind2="0">
    <subfield code="a">Sudan</subfield>
    <subfield code="x">History</subfield>
    <subfield code="y">1899-1956</subfield>
    <subfield code="x">Congresses.</subfield>
    <subfield code="9">46367</subfield>
  </datafield>
  <datafield tag="830" ind1=" " ind2="0">
    <subfield code="a">Sudanese library series ;</subfield>
    <subfield code="v">no. 15.</subfield>
    <subfield code="9">46368</subfield>
  </datafield>
  <datafield tag="906" ind1=" " ind2=" ">
    <subfield code="a">7</subfield>
    <subfield code="b">cbc</subfield>
    <subfield code="c">orignew</subfield>
    <subfield code="d">3</subfield>
    <subfield code="e">ncip</subfield>
    <subfield code="f">19</subfield>
    <subfield code="g">y-gencatlg</subfield>
  </datafield>
  <datafield tag="942" ind1=" " ind2=" ">
    <subfield code="2">lcc</subfield>
    <subfield code="c">S</subfield>
  </datafield>
  <datafield tag="952" ind1=" " ind2=" ">
    <subfield code="0">0</subfield>
    <subfield code="1">0</subfield>
    <subfield code="2">lcc</subfield>
    <subfield code="4">0</subfield>
    <subfield code="7">0</subfield>
    <subfield code="8">SPE</subfield>
    <subfield code="a">CPL</subfield>
    <subfield code="b">CPL</subfield>
    <subfield code="c">S</subfield>
    <subfield code="d">2016-06-21</subfield>
    <subfield code="e">Donation- SIL Sudan</subfield>
    <subfield code="g">30.00</subfield>
    <subfield code="l">0</subfield>
    <subfield code="o">S DT156.7 .P37 1989</subfield>
    <subfield code="p">R34839P3232</subfield>
    <subfield code="r">2019-09-26 00:00:00</subfield>
    <subfield code="t">1</subfield>
    <subfield code="w">2018-07-18</subfield>
    <subfield code="y">S</subfield>
  </datafield>
</record>
